| 000 | 00748nam a2200229 a 4500 | ||
|---|---|---|---|
| 001 | BRCA_8377 | ||
| 005 | 20190320210244.0 | ||
| 008 | 021014r2009----mx-a######---#000-0#spa-# | ||
| 020 | _a9681211766 | ||
| 041 | _aspa | ||
| 044 | _amx | ||
| 050 | 4 |
_aF1226 _b.G66 2009 |
|
| 100 | 1 |
_aGonzalbo Aizpuru, Pilar _d1935- _920989 |
|
| 245 | 1 | 0 |
_aIntroducción a la historia de la vida cotidiana _cPilar Gonzalbo Aizpuru. |
| 260 |
_aMéxico _bEl Colegio de México, Centro de Estudios Históricos _c1a. reimp. 2009 |
||
| 300 |
_a304 p. _bil. _c22 cm. |
||
| 500 | _aIncluye índice analítico | ||
| 504 | _aIncluye referencias bibliográficas | ||
| 650 | 1 | 4 |
_aVida cotidiana _xHistoria _920990 |
| 650 | 1 | 4 |
_aUsos y costumbres _xHistoria _96846 |
| 942 |
_2lcc _cB |
||
| 999 |
_c8045 _d8045 |
||